zpět

Detail výsledku týmu

U Pošty - Vinohrady ČT, Praha

Datum a čas kvízu

31.5 Celkem bodů Celkový počet nahraných bodů na tomto kvízu bez doplňovacích otázek.
5. Pořadí na kvízu Konečné umístění týmu na tomto kvízu.

Zaznamenané odpovědi

# Otázka Odpověď Body Výsledky
1. Ministerstvo obrany minulý týd... Leopard 0
2. Když se jeden manželský pár vr... A) koala 1
3. 70letá herečka Pamela Hayden,... Milhouse (Van Houten) 0
4. Minulý týden jsme se dozvěděli... D) aby zemřel 1
5. Jak se jmenuje fotbalový trené... Josep „Pep“ Guardiola 0
6. Začneme ve Sluneční soustavě.... Uran 1
7. I druhá otázka se bude týkat S... D 0
8. Třetí otázka se bude týkat sou... Štír (uznáváme i odpověď Škorpion) 0
9. Nyní se podíváme na velmi vzdá... B) Krabí 1
10. V poslední otázce se podíváme... D) pulsar 1